000 00599nam a2200193 a 4500
001 17181
003 CO-ViMGA
008 141112s2004 ck r 000 u spa d
020 _a2856080340
040 _aCO-ViMGA
_bspa
_cCO-ViMGA
082 0 4 _aR631.3 C351d
100 1 _aCemagref,
_924386
245 1 0 _aDiccionario Tecnológico :
_bFrances, Ingles, Aleman.Español, Italiano, Potugues
260 _aParis (Francia),
_cMundi - prensa,
_c1990
300 _a1295.p.
590 _aForma de adquisición : Premio - Mincultura
650 1 4 _aMAQUINARIA AGRICOLA - DICCIONARIOS
_924387
942 _2ddc
_cBK
999 _c26762
_d26762